La enseñanza del español y la cultura a extranjeros

Gespeichert in:
Bibliographische Detailangaben
Körperschaft: Centro de Enseñanza Para Extranjeros (VerfasserIn)
Format: Buch
Sprache:Spanisch
Veröffentlicht: Ciudad de México UNAM 2005
Ausgabe:1a. ed
Schlagworte:
Tags: Tag hinzufügen
Keine Tags, Fügen Sie den ersten Tag hinzu!

MARC

LEADER 00000nam a2200000 a 4500
001 UCI3444
003 CL-VaPUC
005 20240916131216.0
008 071102e20050000mx 1 spa d
020 |a 9703227775 
082 0 4 |a 372.6  |b CEN  |2 21 
110 2 |a Centro de Enseñanza Para Extranjeros  |e author  |9 621079 
245 1 3 |a La enseñanza del español y la cultura a extranjeros 
250 |a 1a. ed 
260 |a Ciudad de México  |b UNAM  |c 2005 
300 |a 235 p 
583 |a last modification  |c 20190828 09:57:03  |k Rodrigo Vera 
650 0 0 |a Enseñanza de idiomas  |9 339820 
650 0 0 |a Enseñanza del español  |9 339826 
650 0 0 |a Español gramática  |9 264564 
650 0 0 |a Gramática española  |9 403055 
650 0 0 |a Enseñanza de la literatura  |9 283372 
650 0 0 |a Congresos  |9 257560 
942 |c BK 
945 |a rbrito  |d 20071102 00:00:00 
546 |a En Español 
536 |a CEPE 
518 |p Simposio internacional La enseñanza de la lengua y de la cultura para extranjeros, 3, Ciudad de México, 13 y 14 de octubre de 2003 
999 |c 384299  |d 384297 
952 |0 0  |1 0  |4 0  |6 372_600000000000000_CEN_2005  |7 0  |8 A  |9 506944  |a FDOPOS  |b BIBEDU  |d 2020-01-23  |i 4384385  |l 1  |o 372.6 CEN 2005  |p 4384385  |r 2025-01-22  |s 2023-08-18  |w 2020-01-23  |y BK  |k MLA